000 01790nam a22002777a 4500
001 1347
005 20230818130900.0
008 230818b cb ||||| |||| 00| 0 khr d
020 _a9789924341666
040 _aFISKH
_beng
_cFISKH
_dFISKH
082 _a398.209519
100 _aSodany, Ouchc
245 _aនាយគម កំពៀច /
_bរឿងព្រេងកូរ៉េៈ
_cគូររូបដោយ​​​ ស៊ិន ធូកណា​
260 _aPhnom Penh :
_bSipar,
_c2022.
300 _a39 pages :
_bcolor illustrations ;
_c25 cm
490 _aខ្ញុំចង់អាន
505 _aP
520 _aនាយគមជាក្មេងដែលមានជើងម្ខាងខ្លីម្ខាងវែង តែគេមានប្រាជ្ញាឈ្លាសវៃណាស់ ថ្ងៃមួយគេបានភ្នាល់គ្នាជាមួយឈ្មួញម្នាក់ឈ្មោះលោកហុង។ ចុងក្រោយគេក៏បានឈ្នះហើយទទួលបានកូនស្រីដ៏ស្រស់ស្អាតរបស់លោកហុង ហើយបានរៀបការរស់នៅយ៉ាងមានក្ដីសុខ។
520 _aKom is a boy who has one leg short and one long, but he is very smart. One day, he bet with a businessman named Mr. Hong. He finally won and got Mr. Hong's beautiful daughter, married and living happily.
521 _a650
_bLexile estimate
521 _aP
_bRaz-Plus
650 _aBet
_vLove
_xBeautiful
_yWin
650 _aភ្នាល់
_vស្រលាញ់
_xស្រស់ស្អាត
_yឈ្នះ
700 _aThoukna, Sin
_cillustrator
942 _2ddc
_cBK
_n0
999 _c1347
_d1347